All National League North Teams Ever - Statistics

General Stats
  • This quiz has been taken 33 times
    6 since last reset
  • The average score is 49 of 76
Answer Stats
Answer % Correct
AFC Fylde
100%
AFC Telford
100%
Barrow
100%
Boston United
100%
Buxton
100%
Chester
100%
Curzon Ashton
100%
Darlington
100%
Farsley Celtic
100%
Gainsborough Trinity
100%
Guiseley
100%
Hereford
100%
Kettering Town
100%
Kidderminster
100%
King's Lynn
100%
Lancaster City
100%
Northwich Victoria
100%
Nuneaton Borough
100%
Oxford City
100%
Peterborough Sports
100%
Radcliffe
100%
Salford City
100%
Scarborough Athletic
100%
Southport
100%
South Shields
100%
Spennymoor Town
100%
Stalybridge Celtic
100%
Tamworth
100%
Worcester City
100%
York City
100%
Alfreton Town
50%
Altrincham
50%
Ashton United
50%
Banbury United
50%
Bedford Town
50%
Bishop's Stortford
50%
Blyth Spartans
50%
Brackley Town
50%
Bradford Park Avenue
50%
Burscough
50%
Chorley
50%
Corby Town
50%
Droylsden
50%
Eastwood Town
50%
FC Halifax
50%
F.C. United of Manchester
50%
Fleetwood Town
50%
Gateshead
50%
Gloucester City
50%
Harrogate Town
50%
Hednesford Town
50%
HucknallTown
50%
Hyde United
50%
Ilkeston Town
50%
Leamington
50%
Lowestoft Town
50%
Macclesfield
50%
Marine
50%
North Ferriby United
50%
Redditch United
50%
Rushall Olympic
50%
Scunthorpe United
50%
Stafford Rangers
50%
Vauxhall Motors
50%
Warrington Town
50%
Workington
50%
Worksop Town
50%
Colwyn Bay
0%
Hinckley United
0%
Histon
0%
Leigh RMI
0%
Merthyr Town
0%
Moor Green
0%
Needham Market
0%
Solihull Moors
0%
Stockport County
0%
No matching quizzes found
Score Distribution
Percent of People with Each Score
Percentile by Number Answered
Your Score History
You have not taken this quiz since the last reset